Central Library OPAC University of Rajshahi

The encyclopaedia of court forms and precedents in civil proceedings / (Record no. 5407)

MARC details
000 -LEADER
fixed length control field 00945nam a22002532 4500
001 - CONTROL NUMBER
control field 5407
003 - CONTROL NUMBER IDENTIFIER
rucl marc code BD-RjUL
005 - DATE AND TIME OF LATEST TRANSACTION
control field 20211208234048.0
008 - FIXED-LENGTH DATA ELEMENTS--GENERAL INFORMATION
fixed length control field 890823m19371953enkk 001 0 eng
035 ## - SYSTEM CONTROL NUMBER
System control number (BD-RjUL)5443
040 ## - CATALOGING SOURCE
Original cataloging agency DLC
Transcribing agency ZCL
Modifying agency EQO
-- BD-RjUL
Language of cataloging eng
041 ## - LANGUAGE CODE
Language code of text/sound track or separate title eng
082 00 - DEWEY DECIMAL CLASSIFICATION NUMBER
Classification number 347.003
Edition number 23
Author mark and year ENC V-6A 1953
245 04 - TITLE STATEMENT
Title The encyclopaedia of court forms and precedents in civil proceedings /
260 ## - PUBLICATION, DISTRIBUTION, ETC. (IMPRINT)
Place of publication, distribution, etc. London :
Name of publisher, distributor, etc. Butterworth & Co. (publishers), ltd. ;
Date of publication, distribution, etc. 1953.
300 ## - PHYSICAL DESCRIPTION
Pagination v. :
Illustrations ill. ;
Size 25 cm.
505 0# - FORMATTED CONTENTS NOTE
Formatted contents note Vol. 6A, Companies / Prepared by C. F. Pryke, J. W. Pryke and E. F. Stevension ; Revising editor Raymond Walton --
650 ## - SUBJECT ADDED ENTRY--TOPICAL TERM
Topical term or geographic name as entry element Civil procedure
Geographic subdivision England
General subdivision Forms.
-- Encyclopaedia and Dictionaries
9 (RLIN) 233451
700 ## - ADDED ENTRY--PERSONAL NAME
Personal name Pryke, C. F.
Personal name Pryke, J. W. , jt. auth.
Personal name Stevension, E. F. , jt. auth.
Personal name Walton, Raymond, Rev. ed.
942 ## - ADDED ENTRY ELEMENTS (KOHA)
Source of classification or shelving scheme Dewey Decimal Classification
Koha item type Reference
Holdings
Lost status Source of classification or shelving scheme Damaged status Not for loan Collection code Permanent Location Current Location Shelving location Date acquired Source of acquisition Cost, normal purchase price Total Checkouts Full call number Date last seen Copy number Koha item type
  Dewey Decimal Classification   Not For Loan Reference Central Library, University of Rajshahi Central Library, University of Rajshahi   12/12/1955 Allies Book Cop. 0.00   R 347.003 ENC V-6A 1953 26/12/2013 C-1 Reference